| 000 | 01746cam a22004694i 4500 | ||
|---|---|---|---|
| 003 | PE-LiUPU | ||
| 005 | 20250731172748.0 | ||
| 008 | 150617s1982 sp a r 000 0 spa d | ||
| 035 | _a(Sirsi) a12307 | ||
| 040 |
_aPE-LiUPU _bspa _cPE-LiUPU _erda |
||
| 049 | _aPRUA | ||
| 082 | 0 | 4 |
_a246 _bC15 _221 |
| 100 | 1 |
_aCamon Aznar, José, _eautor. |
|
| 245 | 1 | 0 |
_aArte y Pensamiento en San Juan de la Cruz / _cJosé Camon Aznar. |
| 264 | 1 |
_aMadrid : _bLa Editorial Católica, _c1982. |
|
| 300 |
_a264 páginas : _bilustraciones ; _c17 centímetros. |
||
| 336 |
_atext _2rdacontent |
||
| 337 |
_aunmediated _2rdamedia |
||
| 338 |
_avolume _2rdacarrier |
||
| 490 | 1 | _aBiblioteca de autores cristianos | |
| 505 | 0 | _aEl arte en San Juan de la cruz -- La poesía en San Juan de la cruz -- Obras menores de San Juan de la cruz -- temas de San Juan de la cruz -- Etica de San Juan de la Cruz -- Artes y letras en santa Teresa de Jesús. | |
| 526 | _aSEG42 | ||
| 526 | _aSEG41 | ||
| 526 | _aSEG40 | ||
| 526 | _aSEG39 | ||
| 526 | _aP94 | ||
| 526 | _aP87 | ||
| 526 | _aP86 | ||
| 526 | _aP85 | ||
| 526 | _aP77 | ||
| 526 | _aP76 | ||
| 526 | _aP35 | ||
| 600 | 0 | 7 |
_aJuan de la Cruz, _cSanto _d1542-1591 _2embne) |
| 650 | 1 | 7 |
_aMisticismo _2embne _95760 |
| 910 |
_ajck _bjvq _cjck _d20150616 |
||
| 942 |
_2ddc _cBOOK |
||
| 949 |
_a246 C15 _wDEWEY _c1 _i12488 _lCCODEBUL1 _mBUL _p20.00 _r0 _sY _tBOOK _u2015-04-21 _xTEOLOGIA _PP35 _0COMPRA _o.STAFF. Colección Teología |
||
| 994 |
_aC0 _bPEPRU |
||
| 596 | _a1 | ||
| 999 |
_a246 C15 _wDEWEY _c2551 _i12488 _f2021-11-11 _g5 _lCCODEBUL1 _mBUL _p20.00 _r0 _sY _tBOOK _u2015-4-21 _xTEOLOGIA _PP35 _0COMPRA _o.STAFF. Colección Teología _d2551 |
||
| 980 |
_81 _gALBERTO SANCHEZ Responsable de Automatización |
||